[Event "SVK-ch U12"]
[Site "Tatralandia"]
[Date "2025.05.16"]
[Round "7"]
[White "Sipos, Aron"]
[Black "Nestserau, Arseni"]
[Result "1/2-1/2"]
[WhiteElo "1533"]
[BlackElo "1357"]
[PlyCount "33"]
[EventDate "2025.05.11"]
[EventType "swiss"]
[EventRounds "9"]
[EventCountry "SVK"]
[SourceTitle "CB21_2025"]
[SourceDate "2025.05.21"]
[SourceVersion "1"]
[SourceVersionDate "2025.05.21"]
[SourceQuality "1"]

1. d4 d5 2. Nf3 Nf6 3. Bf4 e6 4. e3 c5 5. c3 Nc6 6. Bd3 b6 7. 0-0 Bd6 8. Bg3 0-0 9. Nbd2 Bb7 10. Ne5 c4 11. Be2 Bxe5 12. dxe5 Nd7 13. f4 Nc5 14. Nf3 Ne4 15. Bh4 Qd7 16. Nd2 Nxd2 17. Qxd2 1/2-1/2

[Event "SVK-ch U12"]
[Site "Tatralandia"]
[Date "2025.05.13"]
[Round "3"]
[White "Sipos, Aron"]
[Black "Verespej, Daniel"]
[Result "1-0"]
[WhiteElo "1533"]
[BlackElo "1000"]
[PlyCount "59"]
[EventDate "2025.05.11"]
[EventType "swiss"]
[EventRounds "9"]
[EventCountry "SVK"]
[SourceTitle "CB21_2025"]
[SourceDate "2025.05.21"]
[SourceVersion "1"]
[SourceVersionDate "2025.05.21"]
[SourceQuality "1"]

1. d4 Nf6 2. Nf3 d5 3. Bf4 Bf5 4. e3 Nc6 5. Bd3 e6 6. 0-0 Ne4 7. Nbd2 Be7 8. Bxe4 Bxe4 9. Nxe4 dxe4 10. Nd2 g5 11. Bg3 f5 12. Qh5+ Kd7 13. Nc4 Kc8 14. Be5 Nxe5 15. Nxe5 Qd5 16. c4 Qa5 17. Ng6 Kd7 18. Nxh8 Rxh8 19. a3 c6 20. b4 Qc7 21. Rfd1 Kc8 22. d5 Bf6 23. Ra2 Rd8 24. Rdd2 Bc3 25. Rdc2 Be5 26. g3 exd5 27. cxd5 Rxd5 28. Rd2 Rb5 29. Qe8+ Qd8 30. Qxd8# 1-0

[Event "SVK-ch U10"]
[Site "Tatralandia"]
[Date "2024.04.11"]
[Round "8"]
[White "Srnak, Martin"]
[Black "Sipos, Aron"]
[Result "1-0"]
[WhiteElo "1648"]
[BlackElo "1483"]
[PlyCount "73"]
[EventDate "2024.04.05"]
[EventType "swiss"]
[EventRounds "9"]
[EventCountry "SVK"]
[SourceTitle "CBM 219 Extra"]
[Source "ChessBase"]
[SourceDate "2024.05.31"]
[SourceVersion "1"]
[SourceVersionDate "2024.05.31"]
[SourceQuality "1"]

1. d4 d6 2. c4 Nf6 3. Nc3 c6 4. e4 Qa5 5. Bd2 Qc7 6. Bd3 e5 7. d5 Be7 8. Nf3 Bg4 9. h3 Bxf3 10. Qxf3 0-0 11. Qg3 Re8 12. 0-0 Nbd7 13. b4 a6 14. Rfc1 c5 15. b5 Reb8 16. f4 Nh5 17. Qf3 Nxf4 18. Bxf4 exf4 19. Qxf4 Qd8 20. Rf1 Ne5 21. Be2 Bg5 22. Qg3 Bf6 23. a4 Nd7 24. Rac1 Bd4+ 25. Kh1 Nf6 26. Qd3 Qe7 27. Bd1 Bxc3 28. Rxc3 Qxe4 29. Qg3 Qe7 30. Re3 Ne4 31. Qe1 Re8 32. Kg1 g6 33. Bc2 f5 34. Bxe4 fxe4 35. Rf4 axb5 36. Rfxe4 Qf7 37. Rxe8+ 1-0

[Event "SVK-ch U10"]
[Site "Tatralandia"]
[Date "2024.04.10"]
[Round "7"]
[White "Holik, Ondrej1"]
[Black "Sipos, Aron"]
[Result "0-1"]
[WhiteElo "1291"]
[BlackElo "1483"]
[PlyCount "104"]
[EventDate "2024.04.05"]
[EventType "swiss"]
[EventRounds "9"]
[EventCountry "SVK"]
[SourceTitle "CBM 219 Extra"]
[Source "ChessBase"]
[SourceDate "2024.05.31"]
[SourceVersion "1"]
[SourceVersionDate "2024.05.31"]
[SourceQuality "1"]

1. e4 d6 2. d4 Nf6 3. Nc3 c6 4. f4 Qa5 5. Nf3 Nxe4 6. Bd2 Nxd2 7. Nxd2 Nd7 8. Nb3 Qc7 9. Qd2 e5 10. 0-0-0 Be7 11. Kb1 0-0 12. fxe5 dxe5 13. dxe5 Nxe5 14. Bd3 Rd8 15. Qe3 Be6 16. h3 Nc4 17. Bxc4 Rxd1+ 18. Rxd1 Bxc4 19. a3 Bxb3 20. cxb3 Bf6 21. Re1 Kf8 22. Qc5+ Be7 23. Qf5 g6 24. Qf3 Bh4 25. Re4 Qg3 26. Qxg3 Bxg3 27. Ne2 Bd6 28. g4 Re8 29. Rxe8+ Kxe8 30. Kc2 Be5 31. b4 Ke7 32. b3 Kf6 33. h4 h5 34. gxh5 gxh5 35. Kd1 Kf5 36. Ke1 Kg4 37. Kf1 Kxh4 38. Kg1 Kg4 39. Kh1 f5 40. a4 f4 41. Nxf4 Kxf4 42. b5 cxb5 43. a5 Bc3 44. a6 bxa6 45. Kg2 a5 46. Kf2 a4 47. b4 a3 48. Ke2 a2 49. Kf2 a1Q 50. Kg2 Qb2+ 51. Kh3 h4 52. Kxh4 Qh2# 0-1

[Event "SVK-ch U10"]
[Site "Tatralandia"]
[Date "2024.04.07"]
[Round "3"]
[White "Sipos, Aron"]
[Black "Lazur, Richard"]
[Result "1-0"]
[WhiteElo "1483"]
[BlackElo "1008"]
[PlyCount "71"]
[EventDate "2024.04.05"]
[EventType "swiss"]
[EventRounds "9"]
[EventCountry "SVK"]
[SourceTitle "CBM 219 Extra"]
[Source "ChessBase"]
[SourceDate "2024.05.31"]
[SourceVersion "1"]
[SourceVersionDate "2024.05.31"]
[SourceQuality "1"]

1. d4 d5 2. Bf4 Bf5 3. Nf3 Nf6 4. e3 e6 5. c3 c5 6. Bb5+ Nbd7 7. Bd3 Bxd3 8. Qxd3 c4 9. Qd1 Be7 10. 0-0 0-0 11. Nbd2 Ne4 12. Nxe4 dxe4 13. Nd2 Qb6 14. Nxc4 Qb5 15. Qb3 Qa6 16. Nd2 Qd3 17. Qxb7 Qxd2 18. Qxd7 Bf6 19. Qb5 Qd3 20. Qxd3 exd3 21. Rfd1 Rfe8 22. Rxd3 Re7 23. e4 Rd8 24. e5 Bxe5 25. Bxe5 f6 26. Bf4 e5 27. Be3 f5 28. Bg5 Red7 29. Bxd8 Rxd8 30. f3 Kf7 31. Rad1 e4 32. fxe4 fxe4 33. Re3 Re8 34. Rde1 Rb8 35. b3 Rc8 36. c4 1-0

[Event "SVK-ch U10"]
[Site "Dudince"]
[Date "2023.04.21"]
[Round "7"]
[White "Sipos, Aron"]
[Black "Ksenzigh, Adam"]
[Result "0-1"]
[WhiteElo "1125"]
[BlackElo "1162"]
[PlyCount "92"]
[EventDate "2023.04.16"]
[EventType "swiss"]
[EventRounds "9"]
[EventCountry "SVK"]
[SourceTitle "CBM 213 Extra"]
[Source "ChessBase"]
[SourceDate "2023.05.31"]
[SourceVersion "1"]
[SourceVersionDate "2023.05.31"]
[SourceQuality "1"]

1. d4 d5 2. c4 Be6 3. e3 Nc6 4. Nf3 Nf6 5. Nc3 g6 6. g3 Bg7 7. Bg2 0-0 8. 0-0 dxc4 9. Ne5 Nd5 10. Nxc6 bxc6 11. e4 Nxc3 12. bxc3 Rb8 13. e5 Bd5 14. Bf4 Bxg2 15. Kxg2 Qd5+ 16. Kg1 e6 17. Qa4 Rb7 18. Rab1 Rfb8 19. Rxb7 Rxb7 20. Qa6 Qb5 21. Qxb5 Rxb5 22. a4 Ra5 23. Ra1 f5 24. Bg5 c5 25. Be3 cxd4 26. Bxd4 Bxe5 27. Bxe5 Rxe5 28. a5 h5 29. Kg2 g5 30. f4 gxf4 31. gxf4 Rd5 32. Kf2 Kg7 33. Ra3 Kg6 34. h4 e5 35. fxe5 Rxe5 36. Kf3 Rb5 37. Ra4 Rc5 38. Kf4 a6 39. Kf3 Kf6 40. Kf4 c6 41. Kf3 Ke5 42. Ke3 f4+ 43. Kf3 Kf5 44. Ra1 Re5 45. Ra2 Re3+ 46. Kf2 Rxc3 0-1

[Event "SVK-ch U10"]
[Site "Dudince"]
[Date "2023.04.18"]
[Round "4"]
[White "Sipos, Aron"]
[Black "Buday, Alexander"]
[Result "1/2-1/2"]
[WhiteElo "1125"]
[BlackElo "1050"]
[PlyCount "102"]
[EventDate "2023.04.16"]
[EventType "swiss"]
[EventRounds "9"]
[EventCountry "SVK"]
[SourceTitle "CBM 213 Extra"]
[Source "ChessBase"]
[SourceDate "2023.05.31"]
[SourceVersion "1"]
[SourceVersionDate "2023.05.31"]
[SourceQuality "1"]

1. d4 d5 2. Bf4 Nf6 3. Nf3 Bf5 4. e3 a6 5. Nc3 Nc6 6. Bd3 Bg6 7. 0-0 e6 8. Ne5 Nxe5 9. Bxe5 Bd6 10. Bxd6 cxd6 11. Re1 e5 12. a4 Bxd3 13. Qxd3 e4 14. Qd1 0-0 15. b4 Rc8 16. Qd2 h6 17. Ra3 Rc4 18. b5 Qa5 19. Nxe4 Qxd2 20. Nxd2 Rxc2 21. Nb3 axb5 22. axb5 Rfc8 23. Ra7 Rb2 24. Na5 Rxb5 25. Nxb7 Rc7 26. Ra8+ Kh7 27. Nxd6 Rb2 28. Ne8 Nxe8 29. Rxe8 Re2 30. Kf1 Rxe1+ 31. Kxe1 Rd7 32. e4 dxe4 33. Rxe4 Rd5 34. Kd2 f5 35. Re5 Rxd4+ 36. Ke3 Re4+ 37. Rxe4 fxe4 38. Kxe4 Kg6 39. f4 Kf7 40. Ke5 Ke7 41. g4 g6 42. h4 Kf7 43. f5 gxf5 44. Kxf5 Kg7 45. h5 Kf7 46. g5 hxg5 47. h6 Kg8 48. Kxg5 Kh7 49. Kh5 Kh8 50. Kg6 Kg8 51. h7+ Kh8 1/2-1/2

[Event "SVK-ch U08"]
[Site "Stara Lubovna"]
[Date "2022.05.22"]
[Round "2"]
[White "Sipos, Aron"]
[Black "Kovalsky, Filip"]
[Result "1-0"]
[WhiteElo "1000"]
[BlackElo "1000"]
[PlyCount "29"]
[EventDate "2022.05.21"]
[EventType "swiss"]
[EventRounds "9"]
[EventCountry "SVK"]
[SourceTitle "CBM 208 Extra"]
[Source "ChessBase"]
[SourceDate "2022.07.31"]
[SourceVersion "1"]
[SourceVersionDate "2022.07.31"]
[SourceQuality "1"]

1. d4 d5 2. Bf4 Bf5 3. e3 Nc6 4. c3 e6 5. Nf3 f6 6. Bd3 e5 7. Qd2 Bxd3 8. Qxd3 exf4 9. 0-0 Nge7 10. Nbd2 Qd7 11. exf4 0-0-0 12. Nb3 g6 13. Nc5 Qe8 14. Qb5 f5 15. Qxb7# 1-0